| 000 | 00894nam a2200205 i 4500 | ||
|---|---|---|---|
| 001 | 181226 | ||
| 003 | ES-MaACL | ||
| 005 | 20250812224327.0 | ||
| 008 | 121105s1919 sp |||| | spa d | ||
| 100 | 1 |
_aIñiguez Almech, José María. _965372 |
|
| 245 | 1 | 0 |
_aEstudio de una correspondencia geométrica / _cpor J.M. Íñiguez Almech. |
| 260 |
_aMadrid : _bJunta para Ampliación de Estudios e Investigaciones Científicas, _c1919. |
||
| 300 |
_aP. 103-195 ; _c23 cm. |
||
| 490 | 1 |
_aPublicaciones del Laboratorio y Seminario Matemático ; _vt. 3. Memoria 3ª |
|
| 650 | 0 | 4 |
_aGeometría proyectiva. _913104 |
| 710 | 2 |
_aJunta para la Ampliación de Estudios e Investigaciones Científicas. _95413 |
|
| 830 | 0 | 0 |
_aPublicaciones del Laboratorio y Seminario Matemático _vt. 3. Memoria 3ª _9191411 |
| 852 |
_aES-MaACL _jB-13178(3) _z.- Enc. en vol. facticio |
||
| 999 |
_c181226 _d181226 |
||